Ngôn ngữ học tri nhận. : Từ lí thuyết đại cương đến thực tiễn tiếng Việt /

Ngon ngu hoc tri nhan: Chan dung va phat thao. Nhung su khac biet trong cac mo hinh buc tranh ngon ngu ve the gioi.Nguyen li"Di nhan vi trung" cua mo hinh ve khong gian the gioi.Hai hinh thuc phan anh va hai cach hin khong gian trong ngon ngu.Dinh huong khong gian va nhung cach thuc bieu d...

Szczegółowa specyfikacja

Zapisane w:
Opis bibliograficzny
1. autor: Lý Toàn Thắng
Format: Praca dyplomowa Książka
Język:Vietnamese
Wydane: -H : Phương đông, 2009.
Seria:Tai ban co sua chua bo sung
Hasła przedmiotowe:
Etykiety: Dodaj etykietę
Nie ma etykietki, Dołącz pierwszą etykiete!
Thư viện lưu trữ: Mạng thư viện Đại học Đà Nẵng
LEADER 01703cam a22003731a 4500
001 000033140
003 9276
005 20230706152144.0
008 151016s2009 vm 000 vie
040 |a LNN 
041 |a vie 
082 |a 495.92401  |b LY-T 
100 |a Lý Toàn Thắng 
245 0 |a Ngôn ngữ học tri nhận. :  |b Từ lí thuyết đại cương đến thực tiễn tiếng Việt /  |c Lý Toàn Thắng. 
260 |a -H :  |b Phương đông,  |c 2009. 
300 |a 349tr. ;  |c 30cm. 
490 |a Tai ban co sua chua bo sung 
502 |a Vien khoa hoc xa hoi Viet Nam  |b Vien tu dien hoc va bach khoa thu Viet nam 
520 |a Ngon ngu hoc tri nhan: Chan dung va phat thao. Nhung su khac biet trong cac mo hinh buc tranh ngon ngu ve the gioi.Nguyen li"Di nhan vi trung" cua mo hinh ve khong gian the gioi.Hai hinh thuc phan anh va hai cach hin khong gian trong ngon ngu.Dinh huong khong gian va nhung cach thuc bieu dat trong ngon ngu.Su hinh dung cac thuoc tinh khong gian Nghien cuu truong hop: cac y niem ra,qua,tren,duoi,va binh dien nghia bieu hien. 
650 |a Ngôn ngữ học  |b Ngôn ngữ học tri nhận 
811 |a Tieng viet 
816 |a Ngon ngu 
OWN |a LNN 
AVA |a UDN50  |b LNN  |d 495.92401 LY-T  |e check_holdings  |t Error 5003 Not defined in file expand_doc_bib_avail.  |h N 
999 |a From the UDN01 
AVA |a UDN50  |b LNN  |d 495.92401 LY-T  |e available  |t Error 5001 Not defined in file expand_doc_bib_avail.  |f 36  |g 0  |h N  |i 4 
TYP |a Conference 
TYP |a Dissertation 
TYP |a Monograph 
TYP |a Printed language 
980 |a Mạng thư viện Đại học Đà Nẵng